| 000 | 01188nam a2200301 a 4500 | ||
|---|---|---|---|
| 001 | ebr10498853 | ||
| 003 | CaPaEBR | ||
| 006 | m u | ||
| 007 | cr cn||||||||| | ||
| 008 | 101103s2010 nyuab sb 001 0 eng d | ||
| 010 | _z 2010549095 | ||
| 020 | _z9781932714852 | ||
| 020 | _z9781611210354 (e-book) | ||
| 040 |
_aCaPaEBR _cCaPaEBR |
||
| 035 | _a(OCoLC)759859414 | ||
| 043 | _an-us-ny | ||
| 050 | 1 | 4 |
_aE241.S2 _bL95 2010eb |
| 100 | 1 | _aLuzader, John F. | |
| 245 | 1 | 0 |
_aSaratoga _h[electronic resource] : _ba military history of the decisive campaign of the American Revolution / _cJohn F. Luzader. |
| 260 |
_aNew York : _bSavas Beatie, _c2010. |
||
| 300 |
_axxviii, 483 p. : _bill., maps. |
||
| 504 | _aIncludes bibliographical references and index. | ||
| 533 |
_aElectronic reproduction. _bPalo Alto, Calif. : _cebrary, _d2011. _nAvailable via World Wide Web. _nAccess may be limited to ebrary affiliated libraries. |
||
| 650 | 0 | _aSaratoga Campaign, N.Y., 1777. | |
| 655 | 7 |
_aElectronic books. _2local |
|
| 710 | 2 | _aebrary, Inc. | |
| 856 | 4 | 0 |
_uhttp://site.ebrary.com/lib/rucke/Doc?id=10498853 _zAn electronic book accessible through the World Wide Web; click to view |
| 999 |
_c132359 _d132359 |
||